|
|
|
|
| LEADER |
00000nam a22000007a 4500 |
| 005 |
20200309223039.0 |
| 007 |
cr|||| |||| |
| 008 |
200309s2020 co |||||s|||| 00||0 spa d |
| 020 |
|
|
|a 978-958-8207-53-7
|
| 035 |
|
|
|a 31184
|
| 040 |
|
|
|a vLex
|
| 090 |
|
|
|c 10209
|d 10209
|
| 100 |
1 |
|
|a Sanjuǹ, Leidy
|
| 245 |
1 |
0 |
|a Que os duelan las sangres ignoradas
|h [Recurso electrn̤ico] /
|c Leidy Sanjuǹ, Guillermo Correa Montoya, Jos ̌Luciano Sann̕ Vs̀quez, Lina Paola Malagn̤ Da̕z, Pilar Peralta Da̕z, Harvey Rodrg̕uez
|
| 256 |
|
|
|a Servicio en ln̕ea
|
| 260 |
|
|
|a Bogot:̀
|b Comisin̤ Colombiana de Juristas,
|c 2020
|
| 300 |
|
|
|a 1 recurso electrn̤ico
|
| 506 |
1 |
|
|a Disponible solo en los productos indicados
|d vLex Global
|d vLex Global (Academic Edition, excluding Law Schools)
|d vLex Global (U.S. Academic Edition, Law Schools)
|d vLex Global (U.S. Academic Edition, excluding Law Schools)
|d vLex Global (Academic Edition, Law Schools)
|
| 650 |
0 |
4 |
|a Derecho Pb︢lico y Administrativo
|z Colombia
|
| 700 |
1 |
|
|a Correa Montoya, Guillermo
|
| 700 |
1 |
|
|a Sann̕ Vs̀quez, Jos ̌Luciano
|
| 700 |
1 |
|
|a Malagn̤ Da̕z, Lina Paola
|
| 700 |
1 |
|
|a Peralta Da̕z, Pilar
|
| 700 |
1 |
|
|a Rodrg̕uez, Harvey
|
| 740 |
0 |
|
|a vLex Libros (Servicio en ln̕ea)
|
| 856 |
4 |
0 |
|u http://vlex.com/source/que-os-duelan-sangres-ignoradas-31184
|z Acceso restringido
|
| 942 |
|
|
|c BOOK
|
| 999 |
0 |
|
|a Public and Administrative Law
|